| Tag |
First Indicator |
Second Indicator |
Subfields |
| LEADER |
00000cam a2200000 a 4500 |
| 001 |
in00000014450 |
| 005 |
20151007052222.0 |
| 008 |
870303s1987 nyu j 00011 eng |
| 010 |
|
|
|a 87007385
|
| 020 |
|
|
|a 0374336423 :
|c $12.95
|
| 035 |
|
|
|a (OCoLC)15367044
|
| 035 |
|
|
|9 AAA6818AM
|
| 040 |
|
|
|a DLC
|c DLC
|d TXA
|d UtOrBLW
|
| 049 |
|
|
|a [Curr Col] TXAM
|c [A11036524]
|
| 050 |
0 |
0 |
|a PZ7.F4174
|b In 1987
|
| 082 |
0 |
|
|a [Fic]
|2 19
|
| 100 |
1 |
|
|a Ferris, Jean,
|d 1939-
|
| 245 |
1 |
0 |
|a Invincible summer /
|c Jean Ferris.
|
| 250 |
|
|
|a 1st ed.
|
| 264 |
|
1 |
|a New York :
|b Farrar, Straus, Giroux,
|c 1987.
|
| 300 |
|
|
|a 167 pages ;
|c 22 cm.
|
| 336 |
|
|
|a text
|b txt
|2 rdacontent
|
| 337 |
|
|
|a unmediated
|b n
|2 rdamedia
|
| 338 |
|
|
|a volume
|b nc
|2 rdacarrier
|
| 520 |
|
|
|a Seventeen-year-old Robin, in treatment for leukemia, falls in love with a boy who also has the disease, and together they attempt to survive their ordeal.
|
| 650 |
|
1 |
|a Leukemia
|x Fiction.
|
| 650 |
|
1 |
|a Death
|x Fiction.
|
| 999 |
|
|
|a MARS
|
| 999 |
f |
f |
|s 8d9fc0fe-e3a3-3155-a871-8d97014b4236
|i a183d3b3-09b9-306e-979f-0362dabd5b14
|t 0
|
| 952 |
f |
f |
|p normal
|a Texas A&M University
|b College Station
|c Sterling C. Evans Library
|d Evans: Curriculum Collection (4th floor)
|t 0
|e PZ7.F4174 In 1987
|h Library of Congress classification
|i unmediated -- volume
|m A14811036524
|
| 998 |
f |
f |
|a PZ7.F4174 In 1987
|t 0
|l Evans: Curriculum Collection (4th floor)
|